01200nam a2200301 i 4500001001000000003000900010005001700019007000300036008003900039040003000078082002700108100005000135245006700185264008100252300002700333336002700360337003300387338002800420500006200448504003900510590002600549650006800575651005700643910004000700942001200740952012900752999001700881000029224DO-SdBPM20260213094349.0ta110414s2003 dr 000 0 spa d aDO-SdBPMbspacBPMSUerda 4a782.27bH731a 20032221 aHolguín Veras, Miguel A.,d1927-2007eautor10aAzua y el Himno Nacional Dominicano /cMiguel Holguín-Veras. aSanto Domingo :bAcademia de la Ciencia de la República Dominicana,c2003. a40 páginas ;c22 cm. 2rdacontentatextobtxt 2rdamediaasin mediaciónbn 2rdacarrieravolumenbnc aIncluye datos bigráficos del autor en la contracubierta aBibliografía : páginas . 26-28 aInventariado, 2026/VM 7aHimnos patrióticos dominicanos xEnsayos, conferencias, etc.  7aAzua (provincia) xHistoria zRepública Dominicana aVMateo V. Control de calidad. BPMSU 2ddccBK 00102ddc708CDaBPMETbBPMETd2018-02-15eDonadol0oBPMSU CD 782.27 H731a 2003pBPMSU18020152r2018-02-15w2018-02-15yBK c13295d13295